Estadísticas para Plantilla top 4 Uefa Nations League 2023

Haz click aquí para intentar la prueba.

Estadísticas generales

  • Esta prueba ha sido intentada 63 veces
  • La puntuación promedio es 47 de 95

Estadísticas de respuestas

Pos.JugadorEquipo% Correcto
DEFDani CarvajalReal Madrid
98%
PORUnai SimonAthletic Bilbao
98%
PORKepa ArrizabalagaChelsea
96%
DELDani OlmoRB Leipzig
94%
MEDRodriManchester City
94%
DEFAymeric LaporteManchester City
92%
MEDGaviBarcelona
92%
MEDLuka ModricReal Madrid
90%
MEDMikel MerinoReal Sociedad
90%
DEFNachoReal Madrid
90%
DEFJesus NavasSevilla
88%
DELRodrigoLeeds United
88%
DELJoseluEspanyol
86%
DEFRobin Le NormandReal Sociedad
86%
DELAlvaro MorataAtletico Madrid
84%
PORDavid RayaBrentford
84%
PORGianluigi DonnarummaPSG
82%
DTLuis de la FuenteEspaña
80%
DEFFran GarciaRayo Vallecano
78%
DEFJordi AlbaBarcelona
78%
MEDMarcelo BrozovicInter
78%
DELMarco AsensioReal Madrid
78%
MEDMartin ZubimendiReal Sociedad
78%
DELIvan PerisicTottenham
76%
MEDMateo KovacicChelsea
76%
PORDominik LivakovicDinamo Zagreb
75%
MEDFrenkie de JongBarcelona
75%
MEDSergio CanalesBetis
75%
MEDFabian RuizPSG
73%
MEDMarco VerrattiPSG
73%
DEFVirgil van DijkLiverpool
69%
DELYeremy PinoVillarreal
69%
DELFederico ChiesaJuventus
67%
MEDJorginhoArsenal
67%
DELAnsu FatiBarcelona
65%
DEFNathan AkeManchester City
63%
DEFDenzel DumfriesInter
59%
DEFLeonardo BonucciJuventus
59%
PORAlex MeretNapoli
57%
DEFDomagoj VidaAEK Athens
57%
MEDNicolo BarellaInter
57%
DELCiro ImmobileLazio
55%
DEFGiovanni Di LorenzoNapoli
55%
DELCody GakpoLiverpool
53%
DEFFederico DimarcoInter
53%
DELAndrej Kramaric1899 Hoffenheim
51%
DEFJosip StanisicBayern Munich
49%
MEDNicolo ZanioloGalatasaray
49%
DTRonald KoemanPaises Bajos
49%
DELDonyell MalenBorussia Dortmund
47%
MEDLorenzo PellegriniRoma
45%
DELWout WeghorstManchester United
41%
DEFFrancesco AcerbiInter
39%
DTRoberto ManciniItalia
39%
DEFTyrell MalaciaManchester United
39%
MEDGeorginio WijnaldumRoma
37%
DEFSven BotmanNewcastle
37%
DEFLeonardo SpinazzolaRoma
35%
DEFJosip JuranovicUnion Berlin
33%
MEDMarten de RoonAtalanta
33%
DEFRafael ToloiAtalanta
33%
MEDXavi SimonsPSV
33%
DEFDaley BlindBayern Munich
31%
DEFBorna SosaVfB Sttutgart
29%
DELBruno PetkovicDinamo Zagreb
29%
DELGiacomo RaspadoriNapoli
29%
MEDMario PasalicAtalanta
29%
PORGuglielmo VicarioEmpoli
27%
DELMateo ReteguiTigre
27%
DEFMatteo DarmianInter
27%
DELNoa LangBrujas
27%
MEDTeun KoopmeinersAtalanta
27%
DELWilfried GnontoLeeds United
27%
DEFJurrien TimberAjax
25%
MEDLovro MajerRennes
25%
MEDNikola VlasicTorino
25%
MEDBryan CristanteRoma
22%
MEDDavide FrattesiSassuolo
22%
DTZlatko DalicCroacia
22%
DEFJosip SutaloDinamo Zagreb
18%
PORJustin BijlowFeyenoord
16%
DEFLutsharel GeertruidaFeyenoord
14%
DELSteven BergwijnAjax
14%
PORAndries NoppertHeerenveen
12%
PORMark FlekkenFriburgo
12%
DEFBorna BarisicRangers
8%
DEFAlessandro BuongiornoTorino
6%
MEDJoey VeermanPSV
6%
DEFMartin ErlicSassuolo
4%
MEDMats WiefferFeyenoord
4%
DELPetar MusaBenfica
4%
DELDion Drena BeljoAusburgo
2%
PORIvica IvusicPafos
2%
MEDLuka IvanusecDinamo Zagreb
2%
PORNediljko LabrovicRijeka
2%

Distribución de puntuación

Porcentaje por número respondido

Porcentaje de gente con cada puntuación

Historial de tus puntuaciones

No has intentado esta prueba.